| 000 | 00913nam a22002775i 4500 | ||
|---|---|---|---|
| 999 |
_c28154 _d28125 |
||
| 003 | EG-ScBUE | ||
| 005 | 20200220102346.0 | ||
| 008 | 200219s2020 ua f 000 f ara d | ||
| 017 | _a2020 / 1639 | ||
| 020 | _a9789779920894 | ||
| 040 |
_aEG-ScBUE _bara _erda _cEG-ScBUE _dEG-ScBUE |
||
| 082 | 0 | 4 |
_a892.736 _bس ل ا _222 |
| 100 | 1 |
_aسلامة، منى، _eمؤلف. |
|
| 245 | 1 | 2 |
_aالقصر الأسود : _bرواية / _cمنى سلامة. |
| 250 | _aالطبعة الأولى. | ||
| 264 | 1 |
_aالقاهرة : _bعصير الكتب للنشر والتوزيع، _c2020. |
|
| 300 |
_a395 صفحة ؛ _c22 سم |
||
| 336 |
_aنص _btxt _2rdacontent |
||
| 337 |
_aبدون وسيط _bn _2rdamedia |
||
| 338 |
_aمجلد _bnc _2rdacarrier |
||
| 541 | _aBook Fair, 2020 | ||
| 650 | 7 |
_aالقصص العربية _yقرن 21. _2BUEsh |
|
| 651 | _2BUEsh | ||
| 653 |
_bARALIT _bGGEN _cFebruary2020 |
||
| 942 | _2ddc | ||